00438nam a2200157Ia 4500003000400000008004100004040001600045082001500061100001700076245008600093260003400179300001000213650001200223650001500235650003000250GCL140319s9999 xx 000 0 eng d aGCL / cGCL04a304.2bL E1 aLESLIE, JOHN10aTHE END OF THE WORLD: THE SCIENCE AND ETHICS OF HUMAN EXTINCTION / cLESLIE, JOHN a[S.N] : bROUTLEDGE ، c1996 a310 P04aBIOLOGY04aEXTINCTION04aMAN - INFLUENCE ON NATURE